00782nam a2200157 a 450000100100000000500170001000800410002704000250006824500940009326000640018730000200025195201200027195201050039195201110049699900170060700002808220200930031332.0110406s2006 dr r 000 0 spa d aDO-SdBNPbspacBNPHU00aPrimera encuesta de percepción social del gobierno de la seguridad Distrito Nacional /. aSanto Domingo :bAyuntamiento del Distrito Nacional,c2006. a46 p. ;c21 cm. 001054708DSaGRbGRcHDd2011-05-16iLF1l0o p28082-40r2020-06-25te. 3w2020-06-25yLFDSZPréstamo en sala 0010718PDaPDbPDcHDd2011-04-06iLF1l0o p28082-10r2020-06-25w2020-06-25yLFPDZNo se presta 0010718PDaPDbPDcHDd2011-04-06iLF1l0o p28082-20r2020-06-25te. 2w2020-06-25yLFPDZNo se presta c27574d27574